| 000 -LEADER |
| fixed length control field |
01301cam a2200301 a 4500 |
| 003 - CONTROL NUMBER IDENTIFIER |
| control field |
OSt |
| 005 - DATE AND TIME OF LATEST TRANSACTION |
| control field |
20240626190927.0 |
| 006 - FIXED-LENGTH DATA ELEMENTS--ADDITIONAL MATERIAL CHARACTERISTICS--GENERAL INFORMATION |
| fixed length control field |
m b |
| 008 - FIXED-LENGTH DATA ELEMENTS--GENERAL INFORMATION |
| fixed length control field |
970528s1997 enka b 001 0 eng d |
| 020 ## - INTERNATIONAL STANDARD BOOK NUMBER |
| International Standard Book Number |
0419215301 (alk. paper) |
| 042 ## - AUTHENTICATION CODE |
| Authentication code |
lccopycat |
| 082 00 - DEWEY DECIMAL CLASSIFICATION NUMBER |
| Classification number |
613/.5 |
| Edition number |
21 |
| 245 00 - TITLE STATEMENT |
| Title |
Sick building syndrome : |
| Remainder of title |
concepts, issues, and practice / |
| Statement of responsibility, etc |
edited by Jack Rostron. |
| 250 ## - EDITION STATEMENT |
| Edition statement |
1st ed. |
| 260 ## - PUBLICATION, DISTRIBUTION, ETC. (IMPRINT) |
| Place of publication, distribution, etc |
London : |
| Name of publisher, distributor, etc |
E & FN Spon, |
| Date of publication, distribution, etc |
c1997. |
| 300 ## - PHYSICAL DESCRIPTION |
| Extent |
vii, 186 p. : |
| Other physical details |
ill. ; |
| Dimensions |
24 cm. + |
| Accompanying material |
1 computer disk (3 1/2 in.) |
| 500 ## - GENERAL NOTE |
| General note |
Title from accompanying disk label: S-BarS: sick building syndrome expert analysis and advisory software. |
| 500 ## - GENERAL NOTE |
| General note |
Disk in pocket. |
| 500 ## - GENERAL NOTE |
| General note |
Disk contains a demo version of an expert system called SBARS which aims to identify causes of SBS and to recommend actions to rectify it. |
| 504 ## - BIBLIOGRAPHY, ETC. NOTE |
| Bibliography, etc |
Includes bibliographical references and index. |
| 538 ## - SYSTEM DETAILS NOTE |
| System details note |
System requirements for accompanying disk: IBM PC or compatible; DOS. |
| 650 #0 - SUBJECT ADDED ENTRY--TOPICAL TERM |
| Topical term or geographic name as entry element |
Sick building syndrome. |
| 650 #0 - SUBJECT ADDED ENTRY--TOPICAL TERM |
| Topical term or geographic name as entry element |
Indoor air pollution. |
| 700 1# - ADDED ENTRY--PERSONAL NAME |
| Personal name |
Rostron, Jack. |
| 740 02 - ADDED ENTRY--UNCONTROLLED RELATED/ANALYTICAL TITLE |
| Uncontrolled related/analytical title |
S-BarS : sick building syndrome expert analysis and advisory software. |
| 856 42 - ELECTRONIC LOCATION AND ACCESS |
| Materials specified |
Publisher description |
| Uniform Resource Identifier |
<a href="http://www.loc.gov/catdir/enhancements/fy0651/97155173-d.html">http://www.loc.gov/catdir/enhancements/fy0651/97155173-d.html</a> |
| 942 ## - ADDED ENTRY ELEMENTS (KOHA) |
| Source of classification or shelving scheme |
|